000 00412nab a22001097u 4500
008 130520b2011 xxu||||| |||| 00| 0 spa d
041 _aspa
100 1 _aKärkkäinen, Veli-Matti
_950515
245 0 0 _aEl Espíritu derramado sobre toda carne. Testimonios y experiencias pentecostales del Espíritu Santo
_cVeli-Matti Kärkkäinen
773 0 _tConcilium
_gnº342,2011,págs. 87-98
_x0210-1041
_wRev134
942 _cAR
999 _c418019
_d418019